Normal view
MARC view
- Advisor Dr. Mohsin Islam Tiwana
Entry Personal Name
001 - CONTROL NUMBER
- control field: 69451
003 - CONTROL NUMBER IDENTIFIER
- control field: NUST
005 - DATE AND TIME OF LATEST TRANSACTION
- control field: 20210628204230.0
008 - FIXED-LENGTH DATA ELEMENTS
- fixed length control field: 210628|| aca||aabn | a|a d
040 ## - CATALOGING SOURCE
- Original cataloging agency: NUST
- Transcribing agency: NUST
100 ## - HEADING--PERSONAL NAME
- Personal name: Advisor Dr. Mohsin Islam Tiwana
670 ## - SOURCE DATA FOUND
- Source citation: Work cat.: (NUST): Zubair Khan 69449, TH-SOF-1559-Design and Development of Efficient Insulated Tanker / Container with Automatic Temperature Sensing Steam System for Transportation and Unloading of Low Melting Point Liquids, 2018
